| 000 | 00540nam a2200229Ia 4500 | ||
|---|---|---|---|
| 008 | 210210b1927 xxu||||| |||| 00| 0 eng d | ||
| 041 | _aeng | ||
| 082 | _a519/115 | ||
| 100 | _aYOUNG (J W) | ||
| 245 | _aLectures on fundamental concepts of algebra and geometry | ||
| 260 |
_aNew York _bThe Macmillan Company _c1927 |
||
| 650 | _aon | ||
| 650 | _aof | ||
| 650 | _aLectures | ||
| 650 | _ageometry | ||
| 650 | _afundamental | ||
| 650 | _aconcepts | ||
| 650 | _aand | ||
| 650 | _aalgebra | ||
| 690 | _aAlgebra | ||
| 906 | _a007976 | ||
| 999 |
_c140834 _d140834 |
||